000 00540nam a2200181Ia 4500
005 20250508160339.0
008 008 250505s9999 xx 000 0 eng d
037 _aTextual
040 _aFEDL
_beng
_cFEDL
041 _aeng
_2eng
084 _a378.3, FOS
_qFEDL
100 _aFosdick Raymond B
_946738
245 0 _aAdventure in giving : The story of the general education board
260 _aNew York, USA
_bHarper and Row Publisher
_c1962
300 _a369p.
942 _cTEXL
_h378.3, FOS
999 _c1363904
_d1363904